CRIMINAL PROCEDURE (Record no. 195208)

MARC details
000 -LEADER
fixed length control field 00360nam a2200157Ia 4500
008 - FIXED-LENGTH DATA ELEMENTS--GENERAL INFORMATION
fixed length control field 220923s9999 xx 000 0 und d
020 ## - INTERNATIONAL STANDARD BOOK NUMBER
International Standard Book Number 978-81-8038-685-5
082 ## - DEWEY DECIMAL CLASSIFICATION NUMBER
Item number THA
100 ## - MAIN ENTRY--PERSONAL NAME
Personal name THAKKER, C.K.
245 #0 - TITLE STATEMENT
Title CRIMINAL PROCEDURE
250 ## - EDITION STATEMENT
Edition statement 3RD
260 ## - PUBLICATION, DISTRIBUTION, ETC.
Name of publisher, distributor, etc. LEXIS NEXIS, GURGAON
Date of publication, distribution, etc. 2013
300 ## - PHYSICAL DESCRIPTION
Extent 471
650 ## - SUBJECT ADDED ENTRY--TOPICAL TERM
Topical term or geographic name entry element Criminal Law
942 ## - ADDED ENTRY ELEMENTS (KOHA)
Koha item type Book
Holdings
Withdrawn status Lost status Damaged status Not for loan Home library Current library Shelving location Date acquired Cost, normal purchase price Total Checkouts Barcode Date last seen Price effective from Koha item type Public note
        Mewar University Central Library Mewar University Central Library Law 18/11/2014 525.00   L3770 23/09/2022 18/11/2014 Reference Reference Law R-12 S-2